Understanding the relationship between economic growth, employment, income inequality and poverty in Pakistan (Record no. 97170)

000 -LEADER
fixed length control field 00654pab a2200217 454500
008 - FIXED-LENGTH DATA ELEMENTS--GENERAL INFORMATION
fixed length control field 180718b2012 xxu||||| |||| 00| 0 eng d
100 ## - MAIN ENTRY--PERSONAL NAME
Personal name Zaman, Khalid
245 ## - TITLE STATEMENT
Title Understanding the relationship between economic growth, employment, income inequality and poverty in Pakistan
260 ## - PUBLICATION, DISTRIBUTION, ETC.
Date of publication, distribution, etc. 2012
300 ## - PHYSICAL DESCRIPTION
Extent 1-24.
362 ## - DATES OF PUBLICATION AND/OR SEQUENTIAL DESIGNATION
Dates of publication and/or sequential designation Jan-Jun
650 ## - SUBJECT ADDED ENTRY--TOPICAL TERM
Topical term or geographic name entry element Income distribution - Pakistan
650 ## - SUBJECT ADDED ENTRY--TOPICAL TERM
Topical term or geographic name entry element Employment - Pakistan
650 ## - SUBJECT ADDED ENTRY--TOPICAL TERM
Topical term or geographic name entry element Economic growth - Pakistan
650 ## - SUBJECT ADDED ENTRY--TOPICAL TERM
Topical term or geographic name entry element Economic growth
700 ## - ADDED ENTRY--PERSONAL NAME
Personal name Ahmad, Mehboob
700 ## - ADDED ENTRY--PERSONAL NAME
Personal name Shah, Iqtidar Ali
773 ## - HOST ITEM ENTRY
Main entry heading Journal of Social and Economic Development
908 ## - PUT COMMAND PARAMETER (RLIN)
Put command parameter N
909 ## -
-- 97170
Holdings
Withdrawn status Lost status Damaged status Not for loan Permanent Location Current Location Date acquired Serial Enumeration / chronology Barcode Date last seen Price effective from Koha item type
        Indian Institute of Public Administration Indian Institute of Public Administration 2018-07-19 Volume no: 14, Issue no: 1 AR97630 2018-07-19 2018-07-19 Articles

Powered by Koha